000 00957nam a22002417a 4500
999 _c20235
_d20235
005 20191015110215.0
008 180608b2015 ck ||bd|r|||| 00| 0 spa d
020 _a97895858800290
040 _aCO-BoIAVH
_cCO-BoIAVH
041 _aspa
044 _ack
082 1 4 _a634.9
_bC85o
100 _aCárdenas Camacho, Luis Mario
_eeditor
245 0 0 _aOrdenación forestal sostenible:
_bCuencas de los ríos Planas y Tillavá, Orinoquia colombiana
260 _aBogotá:
_bCormacarena;
_bUniversidad Distrital Francisco José de Caldas,
_c2015.
300 _a168 Páginas
_bfotografías, tablas y mapas
_c24 x 17 cm
_e3 mapas
500 _aIncluye 3 mapas sueltos al final del libro.
650 1 4 _aForestación
_zOrinoquia (Colombia)
651 _aColombia
_zRío Planas
_zRío Tivallá
700 0 _aSánchez Callejas, Shirley Dayana
_eeditora
700 0 _aNavarro Lóñez, Jaime Alberto
_eeditor
942 _2ddc
_cLIBRO